000
00310nam a22001337a 4500
003
SGT
020
_a
81-7391-792-2
082
_a
365.65
_b
KUT
100
_a
KUTTY. A.T. AHRESSIA
245
_a
PRINCIPLES OF VOCATIONAL TRAINING
260
_a
INDIA
_b
KANISHKA PUB.
_c
2018
300
_a
201
942
_2
ddc
_c
BK
_0
2
999
_c
21732
_d
21732